|
|
|
|
| LEADER |
00863nab a2200241 i 4500 |
| 001 |
publ32870 |
| 005 |
20250424134104.0 |
| 008 |
250424s1988 hu o 000 hun d |
| 022 |
|
|
|a 0540-889X
|
| 024 |
7 |
|
|a 1444860
|2 mtmt
|
| 040 |
|
|
|a SZTE Publicatio Repozitórium
|b hun
|
| 041 |
|
|
|a hun
|
| 100 |
1 |
|
|a Lászik Zoltán
|
| 245 |
1 |
3 |
|a Az endokrin pancreas elváltozásai krónikus pancreatitisben [Changes in the endocrine pancreas in chronic pancreatitis]
|h [elektronikus dokumentum] /
|c Lászik Zoltán
|
| 260 |
|
|
|c 1988
|
| 300 |
|
|
|a 186-195
|
| 490 |
0 |
|
|a MORPHOLÓGIAI ÉS IGAZSÁGÜGYI ORVOSI SZEMLE
|v 28 No. 3
|
| 650 |
|
4 |
|a Klinikai orvostan
|
| 700 |
0 |
1 |
|a Farkas Gyula
|e aut
|
| 700 |
0 |
1 |
|a Pap Ákos
|e aut
|
| 700 |
0 |
1 |
|a Krenács Tibor
|e aut
|
| 700 |
0 |
1 |
|a Boda Krisztina
|e aut
|
| 856 |
4 |
0 |
|u http://publicatio.bibl.u-szeged.hu/32870/1/aok_klny_379_88.pdf
|z Dokumentum-elérés
|